Euromarketing and the current demographic situation in the European Union

Euromarketing ako nákladovo a ziskovo výhodná stratégia prenikania na nové trhy v EÚ. Segmentácia trhu a ekonomické, kultúrne a demografické vlastnosti trhov. Demografická situácia v EÚ, situácia na trhu práce a vývoj rastu HDP. Stratégia Európa 2020.

Na minha lista:
Detalhes bibliográficos
Autor principal: Cséri, Peter, 1986-
Formato: Capítulo de Livro
Idioma:inglês
Assuntos:
Tags: Adicionar Tag
Sem tags, seja o primeiro a adicionar uma tag!

MARC

LEADER 00000nla a2200000 4500
001 0180602
005 20240502073100.7
041 0 |a eng 
044 |a SK 
245 1 0 |a Euromarketing and the current demographic situation in the European Union  |c Peter Cséri 
520 |a Euromarketing ako nákladovo a ziskovo výhodná stratégia prenikania na nové trhy v EÚ. Segmentácia trhu a ekonomické, kultúrne a demografické vlastnosti trhov. Demografická situácia v EÚ, situácia na trhu práce a vývoj rastu HDP. Stratégia Európa 2020. 
610 2 0 |a trh spoločný 
610 2 0 |a trh práce 
610 2 0 |a nezamestnanosť 
610 2 0 |a miera nezamestnanosti 
610 2 0 |a euromarketing 
610 2 0 |a demografia ekonomická 
610 2 0 |a segmentácia 
610 2 0 |a Európska únia 
100 1 |a Cséri, Peter, 1986-